| 000 | 00422nam a2200181Ia 4500 | ||
|---|---|---|---|
| 001 | 2078 | ||
| 005 | 20260306143816.0 | ||
| 008 | 260306t2023||||xx |||||||||||||| ||spa|| | ||
| 041 | _aESP | ||
| 082 |
_a612.64 _bS712 2023 |
||
| 100 |
_aSadler, T. W., _eAUT |
||
| 245 | 0 | _aEmbriología médica | |
| 260 | _c2023 | ||
| 300 |
_axxii, 434 páginas : _c27 cm. |
||
| 650 | _aGEN | ||
| 654 | _aCCS | ||
| 942 |
_cLIB _dJUS _fJUS _2ddc _n |
||
| 999 |
_c2078 _d2078 |
||